000 00652nam a2200217 a 4500
001 SSB062520
003 SISC
005 20160602110942.0
008
020 _a9788126150939
050 _aG 155.A1
_b.M298 2013
100 _aMalra, Renu.
245 0 _aTourism : principles, practices, concepts and philosophies /
_cRenu Malra.
250 _a1st edition.
260 _aNew Delhi :
_cAnmol Publications Pvt. Ltd.,
_b2013.
300 _a318 pages :
_billustration ;
_c23 cm.
500 _aIncludes bibliographical reference and index.
521 _aTourism
650 _aTourism.
942 _2lcc
_cBK
_kFOR
999 _c275601
_d275601